000
00310nam a2200145Ia 4500
003
RNL
008
090707b ii f a fnsan d
040
_a
RCL
100
_a
Neki, Jaswant Singh
245
_a
Gurmat Manovigyan
260
_a
Amritsar
260
_b
Singh Brothers
260
_c
2009
942
_c
BK
999
_c
22711
_d
22711